[Event "Campeonatos de Espana Universitarios 20"]
[Site "Universidad de Alicante, Spai"]
[Date "2019.04.10"]
[Round "8.6"]
[White "Buendia Pinar, Alvaro"]
[Black "Ruperez Benito, Antonio"]
[Result "1-0"]
[WhiteElo "2256"]
[BlackElo "2341"]
[PlyCount "65"]
[EventDate "2019.??.??"]

1. d4 {[%clk 00:40:08]  [%emt 00:00:04]} 1... e6 {[%clk 00:40:09]} 2. c4 {
[%clk 00:39:58]  [%emt 00:00:11]} 2... d5 {[%clk 00:40:13]  [%emt 00:00:29]} 3.
Nc3 {[%clk 00:39:45]  [%emt 00:00:03]} 3... Nf6 {[%clk 00:40:15]} 4. Nf3 {
[%clk 00:39:28]  [%emt 00:00:13]} 4... Be7 {[%clk 00:40:19]  [%emt 00:00:04]}
5. Bg5 {[%clk 00:39:11]  [%emt 00:00:17]} 5... O-O {
[%clk 00:40:21]  [%emt 00:00:22]} 6. e3 {[%clk 00:39:14]} 6... h6 {
[%clk 00:40:24]  [%emt 00:00:09]} 7. Bh4 {[%clk 00:38:15]  [%emt 00:00:41]}
7... Ne4 {[%clk 00:40:28]  [%emt 00:00:08]} 8. Bxe7 {
[%clk 00:38:03]  [%emt 00:00:16]} 8... Qxe7 {[%clk 00:40:31]} 9. Bd3 {
[%clk 00:37:38]  [%emt 00:00:30]} 9... Nxc3 {[%clk 00:40:33]  [%emt 00:00:20]}
10. bxc3 {[%clk 00:37:41]} 10... dxc4 {[%clk 00:40:36]  [%emt 00:00:04]} 11.
Bxc4 {[%clk 00:37:44]} 11... c5 {[%clk 00:40:37]} 12. O-O {
[%clk 00:37:20]  [%emt 00:00:13]} 12... b6 {[%clk 00:40:40]  [%emt 00:00:09]}
13. Ne5 {[%clk 00:35:56]  [%emt 00:01:25]} 13... Nd7 {
[%clk 00:38:45]  [%emt 00:01:58]} 14. f4 {[%clk 00:34:02]  [%emt 00:02:02]}
14... Bb7 {[%clk 00:37:34]  [%emt 00:01:16]} 15. Qe2 {
[%clk 00:30:16]  [%emt 00:03:48]} 15... Rac8 {[%clk 00:34:55]  [%emt 00:02:43]}
16. Bd3 {[%clk 00:28:42]  [%emt 00:01:41]} 16... Nf6 {
[%clk 00:33:35]  [%emt 00:01:24]} 17. f5 {[%clk 00:24:15]  [%emt 00:04:30]}
17... cxd4 {[%clk 00:27:06]  [%emt 00:06:42]} 18. fxe6 {
[%clk 00:22:33]  [%emt 00:01:39]} 18... Qxe6 {[%clk 00:26:36]  [%emt 00:00:38]}
19. cxd4 {[%clk 00:22:36]  [%emt 00:00:03]} 19... Rc7 {
[%clk 00:21:24]  [%emt 00:05:16]} 20. Rad1 {[%clk 00:13:06]  [%emt 00:09:33]}
20... Ne4 {[%clk 00:17:20]  [%emt 00:04:09]} 21. Qh5 {
[%clk 00:05:02]  [%emt 00:08:11]} 21... f6 {[%clk 00:11:28]  [%emt 00:05:55]}
22. Ng6 {[%clk 00:04:15]  [%emt 00:01:16]} 22... Rff7 {
[%clk 00:09:33]  [%emt 00:01:37]} 23. Nf4 {[%clk 00:03:46]  [%emt 00:00:36]}
23... Qxa2 {[%clk 00:08:25]  [%emt 00:01:16]} 24. d5 {
[%clk 00:03:50]  [%emt 00:00:04]} 24... Nc3 {[%clk 00:04:09]  [%emt 00:04:13]}
25. Qg6 {[%clk 00:02:57]  [%emt 00:00:58]} 25... Bxd5 {
[%clk 00:03:50]  [%emt 00:00:24]} 26. Qh7+ {[%clk 00:01:57]  [%emt 00:01:05]}
26... Kf8 {[%clk 00:03:54]  [%emt 00:00:16]} 27. Bb1 {
[%clk 00:00:47]  [%emt 00:00:59]} 27... Qa3 {[%clk 00:00:40]  [%emt 00:03:22]}
28. Qh8+ {[%clk 00:00:13]  [%emt 00:00:37]} 28... Ke7 {
[%clk 00:00:43]  [%emt 00:00:05]} 29. Nxd5+ {[%clk 00:00:14]  [%emt 00:00:07]}
29... Nxd5 {[%clk 00:00:34]  [%emt 00:00:07]} 30. Rxd5 {
[%clk 00:00:18]  [%emt 00:00:05]} 30... Qxe3+ {[%clk 00:00:14]  [%emt 00:00:21]
} 31. Kh1 {[%clk 00:00:22]  [%emt 00:00:17]} 31... Ke6 {
[%clk 00:00:07]  [%emt 00:00:17]} 32. Ba2 {[%clk 00:00:15]} 32... Qe2 {
[%emt 00:00:18]} 33. Rd2+ 1-0

[Event "Campeonatos de Espana Universitarios 20"]
[Site "Universidad de Alicante, Spai"]
[Date "2019.04.10"]
[Round "8.7"]
[White "Gomez Dieguez, David"]
[Black "Balbuena Fuentes, Mario"]
[Result "1-0"]
[WhiteElo "2319"]
[BlackElo "2262"]
[PlyCount "189"]
[EventDate "2019.??.??"]

1. e4 {[%clk 00:40:08]  [%emt 00:00:11]} 1... e6 {
[%clk 00:40:05]  [%emt 00:00:03]} 2. d4 {[%clk 00:40:12]} 2... d5 {
[%clk 00:40:06]  [%emt 00:00:06]} 3. Nc3 {[%clk 00:40:15]} 3... Nf6 {
[%clk 00:40:06]  [%emt 00:00:04]} 4. e5 {[%clk 00:40:19]} 4... Nfd7 {
[%clk 00:40:09]  [%emt 00:00:04]} 5. f4 {[%clk 00:40:23]} 5... c5 {
[%clk 00:40:06]  [%emt 00:00:08]} 6. Nf3 {[%clk 00:40:27]  [%emt 00:00:03]}
6... Nc6 {[%clk 00:40:10]} 7. Be3 {[%clk 00:40:30]} 7... Be7 {[%clk 00:40:14]}
8. Qd2 {[%clk 00:40:34]  [%emt 00:00:04]} 8... O-O {
[%clk 00:40:02]  [%emt 00:00:11]} 9. dxc5 {[%clk 00:40:36]  [%emt 00:00:09]}
9... Qa5 {[%clk 00:40:01]  [%emt 00:00:04]} 10. Bd3 {
[%clk 00:34:54]  [%emt 00:05:43]} 10... Nxc5 {[%clk 00:38:40]  [%emt 00:01:27]}
11. O-O {[%clk 00:34:36]  [%emt 00:00:25]} 11... Nxd3 {
[%clk 00:36:54]  [%emt 00:01:51]} 12. cxd3 {[%clk 00:34:35]  [%emt 00:00:07]}
12... f6 {[%clk 00:36:43]  [%emt 00:00:28]} 13. a3 {
[%clk 00:31:47]  [%emt 00:02:41]} 13... fxe5 {[%clk 00:34:39]  [%emt 00:02:19]}
14. Nxe5 {[%clk 00:31:02]  [%emt 00:00:36]} 14... Nxe5 {
[%clk 00:32:37]  [%emt 00:02:07]} 15. fxe5 {[%clk 00:31:03]  [%emt 00:00:09]}
15... Bd7 {[%clk 00:32:31]  [%emt 00:00:11]} 16. d4 {
[%clk 00:27:40]  [%emt 00:03:24]} 16... Qb6 {[%clk 00:30:49]  [%emt 00:01:46]}
17. Rxf8+ {[%clk 00:24:51]  [%emt 00:02:53]} 17... Rxf8 {
[%clk 00:30:26]  [%emt 00:00:39]} 18. Rf1 {[%clk 00:24:54]} 18... Qb3 {
[%clk 00:29:14]  [%emt 00:01:10]} 19. Rxf8+ {[%clk 00:23:19]  [%emt 00:01:43]}
19... Bxf8 {[%clk 00:29:15]  [%emt 00:00:03]} 20. Ne2 {
[%clk 00:21:47]  [%emt 00:01:34]} 20... b5 {[%clk 00:25:57]  [%emt 00:03:23]}
21. Nc1 {[%clk 00:20:39]  [%emt 00:01:13]} 21... Qc4 {
[%clk 00:25:45]  [%emt 00:00:18]} 22. b3 {[%clk 00:18:41]  [%emt 00:02:03]}
22... Qc7 {[%clk 00:24:37]  [%emt 00:01:14]} 23. b4 {
[%clk 00:18:41]  [%emt 00:00:07]} 23... Be8 {[%clk 00:23:14]  [%emt 00:01:30]}
24. Nb3 {[%clk 00:18:07]  [%emt 00:00:58]} 24... Qc4 {
[%clk 00:20:45]  [%emt 00:02:11]} 25. Na5 {[%clk 00:16:43]  [%emt 00:01:29]}
25... Qc7 {[%clk 00:20:44]  [%emt 00:00:07]} 26. Qc1 {
[%clk 00:15:32]  [%emt 00:01:13]} 26... Qxc1+ {[%clk 00:19:08]  [%emt 00:01:41]
} 27. Bxc1 {[%clk 00:13:56]  [%emt 00:01:49]} 27... Kf7 {
[%clk 00:18:52]  [%emt 00:00:14]} 28. g4 {[%clk 00:13:41]  [%emt 00:00:19]}
28... Ke7 {[%clk 00:17:01]  [%emt 00:01:59]} 29. Nb7 {
[%clk 00:10:55]  [%emt 00:02:48]} 29... Kd7 {[%clk 00:15:39]  [%emt 00:01:27]}
30. Bf4 {[%clk 00:10:45]  [%emt 00:00:34]} 30... Kc7 {
[%clk 00:10:13]  [%emt 00:05:12]} 31. Nd6 {[%clk 00:10:41]  [%emt 00:00:34]}
31... Bxd6 {[%clk 00:10:15]} 32. exd6+ {[%clk 00:10:44]} 32... Kd8 {
[%clk 00:10:18]} 33. Be5 {[%clk 00:09:44]  [%emt 00:00:48]} 33... g6 {
[%clk 00:09:41]  [%emt 00:00:43]} 34. g5 {[%clk 00:08:03]  [%emt 00:01:44]}
34... Bd7 {[%clk 00:09:33]  [%emt 00:00:39]} 35. Kf2 {
[%clk 00:08:05]  [%emt 00:00:04]} 35... Ke8 {[%clk 00:09:36]} 36. Ke3 {
[%clk 00:08:09]} 36... Kf7 {[%clk 00:09:40]} 37. Kf4 {[%clk 00:08:12]} 37... a6
{[%clk 00:08:29]  [%emt 00:00:56]} 38. Bh8 {[%clk 00:08:04]  [%emt 00:00:16]}
38... Bc8 {[%clk 00:08:17]  [%emt 00:00:16]} 39. Ke5 {
[%clk 00:07:55]  [%emt 00:00:11]} 39... Bd7 {[%clk 00:08:19]  [%emt 00:00:32]}
40. Bf6 {[%clk 00:07:42]  [%emt 00:00:04]} 40... Bc8 {[%clk 00:08:19]} 41. d7 {
[%clk 00:06:32]  [%emt 00:01:07]} 41... Bxd7 {[%clk 00:08:23]  [%emt 00:00:04]}
42. Kd6 {[%clk 00:06:36]} 42... Be8 {[%clk 00:08:15]  [%emt 00:00:10]} 43. Be5
{[%clk 00:04:38]  [%emt 00:02:02]} 43... Kf8 {[%clk 00:08:08]  [%emt 00:00:37]}
44. Kxe6 {[%clk 00:04:21]  [%emt 00:00:04]} 44... Bf7+ {[%clk 00:08:12]} 45.
Kd7 {[%clk 00:04:21]  [%emt 00:00:04]} 45... Be8+ {
[%clk 00:08:09]  [%emt 00:00:06]} 46. Ke6 {[%clk 00:03:18]  [%emt 00:01:05]}
46... Bf7+ {[%clk 00:08:12]  [%emt 00:00:10]} 47. Kf6 {[%clk 00:03:21]} 47...
Be8 {[%clk 00:06:49]  [%emt 00:01:23]} 48. Bd6+ {
[%clk 00:03:19]  [%emt 00:00:08]} 48... Kg8 {[%clk 00:06:53]} 49. Ke7 {
[%clk 00:03:16]  [%emt 00:00:10]} 49... Bc6 {[%clk 00:06:44]  [%emt 00:00:11]}
50. Be5 {[%clk 00:02:34]  [%emt 00:00:53]} 50... Ba8 {
[%clk 00:06:45]  [%emt 00:00:04]} 51. Bf6 {[%clk 00:02:36]} 51... Bb7 {
[%clk 00:06:14]  [%emt 00:00:31]} 52. Kd7 {[%clk 00:02:35]  [%emt 00:00:22]}
52... Kf7 {[%clk 00:06:17]} 53. Kc7 {[%clk 00:02:39]} 53... Ba8 {
[%clk 00:06:19]} 54. Kb6 {[%clk 00:02:35]  [%emt 00:00:03]} 54... Ke6 {
[%clk 00:06:09]  [%emt 00:00:12]} 55. Kxa6 {[%clk 00:02:08]  [%emt 00:00:33]}
55... Bc6 {[%clk 00:06:13]} 56. Kb6 {[%clk 00:01:58]  [%emt 00:00:17]} 56...
Be8 {[%clk 00:06:05]  [%emt 00:00:11]} 57. Kc5 {
[%clk 00:01:31]  [%emt 00:00:41]} 57... Bd7 {[%clk 00:05:39]  [%emt 00:00:23]}
58. Be5 {[%clk 00:01:34]  [%emt 00:00:38]} 58... Be8 {
[%clk 00:05:29]  [%emt 00:00:04]} 59. Bg3 {[%clk 00:01:21]} 59... Bd7 {
[%clk 00:05:26]  [%emt 00:00:04]} 60. Be1 {[%clk 00:01:25]} 60... Be8 {
[%clk 00:05:19]  [%emt 00:00:10]} 61. Bd2 {[%clk 00:01:28]  [%emt 00:00:09]}
61... Bd7 {[%clk 00:05:19]  [%emt 00:00:03]} 62. Bc1 {[%clk 00:01:32]} 62...
Be8 {[%clk 00:05:19]  [%emt 00:00:03]} 63. a4 {[%clk 00:01:15]  [%emt 00:00:24]
} 63... bxa4 {[%clk 00:05:22]  [%emt 00:00:06]} 64. b5 {[%clk 00:01:19]} 64...
Kd7 {[%clk 00:04:07]  [%emt 00:01:11]} 65. Kxd5 {
[%clk 00:01:16]  [%emt 00:00:11]} 65... Bf7+ {[%clk 00:04:04]  [%emt 00:00:06]}
66. Kc5 {[%clk 00:01:04]  [%emt 00:00:35]} 66... Kc7 {[%clk 00:04:00]} 67. d5 {
[%clk 00:00:44]  [%emt 00:00:19]} 67... Be8 {[%clk 00:03:44]  [%emt 00:00:18]}
68. d6+ {[%clk 00:00:39]  [%emt 00:00:12]} 68... Kb7 {
[%clk 00:03:44]  [%emt 00:00:05]} 69. Kb4 {[%clk 00:00:22]  [%emt 00:00:20]}
69... a3 {[%clk 00:03:48]} 70. Kxa3 {[%clk 00:00:20]  [%emt 00:00:36]} 70...
Bxb5 {[%clk 00:03:52]} 71. Kb4 {[%clk 00:00:24]} 71... Bd3 {
[%clk 00:00:30]  [%emt 00:03:02]} 72. Kc5 {[%clk 00:00:27]  [%emt 00:00:15]}
72... Kc8 {[%clk 00:00:33]  [%emt 00:00:04]} 73. Kd4 {[%clk 00:00:23]} 73...
Be2 {[%clk 00:00:15]  [%emt 00:00:16]} 74. Ke5 {
[%clk 00:00:26]  [%emt 00:00:10]} 74... Kd7 {[%clk 00:00:19]} 75. Ba3 {
[%clk 00:00:28]} 75... Bd1 {[%clk 00:00:14]  [%emt 00:00:05]} 76. Kf6 {
[%clk 00:00:31]  [%emt 00:00:08]} 76... Be2 {[%clk 00:00:18]} 77. Kg7 {
[%clk 00:00:35]} 77... Ke6 {[%clk 00:00:21]} 78. Kxh7 {
[%clk 00:00:29]  [%emt 00:00:12]} 78... Bh5 {[%clk 00:00:10]  [%emt 00:00:43]}
79. Kg7 {[%clk 00:00:32]} 79... Kd7 {[%clk 00:00:07]} 80. Kf7 {[%clk 00:00:34]}
80... Kd8 {[%clk 00:00:08]} 81. Bc5 {[%clk 00:00:22]  [%emt 00:00:08]} 81...
Kd7 {[%clk 00:00:12]  [%emt 00:00:03]} 82. Bb4 {[%clk 00:00:26]} 82... Kd8 {
[%clk 00:00:16]} 83. Ba5+ {[%clk 00:00:30]  [%emt 00:00:03]} 83... Kd7 {
[%clk 00:00:19]} 84. Bc7 {[%clk 00:00:34]} 84... Kc8 {
[%clk 00:00:07]  [%emt 00:00:16]} 85. Ke7 {[%clk 00:00:35]  [%emt 00:00:15]}
85... Bg4 {[%clk 00:00:11]} 86. h4 {[%clk 00:00:22]  [%emt 00:00:07]} 86... Bf5
{[%clk 00:00:07]  [%emt 00:00:28]} 87. Kf6 {[%clk 00:00:23]} 87... Bd3 {
[%clk 00:00:11]} 88. Bb6 {[%clk 00:00:18]} 88... Kd7 {
[%clk 00:00:15]  [%emt 00:00:03]} 89. Bc5 {[%clk 00:00:22]} 89... Bc2 {
[%clk 00:00:13]  [%emt 00:00:03]} 90. Kg7 {[%clk 00:00:10]  [%emt 00:00:15]}
90... Ke6 {[%clk 00:00:09]  [%emt 00:00:26]} 91. Kh6 {[%clk 00:00:10]} 91...
Bb1 {[%clk 00:00:08]  [%emt 00:00:07]} 92. h5 {[%clk 00:00:13]} 92... gxh5 {
[%clk 00:00:11]} 93. Kxh5 {[%clk 00:00:17]} 93... Bc2 {[%clk 00:00:07]} 94. Kh6
{[%clk 00:00:20]  [%emt 00:00:11]} 94... Bd3 {[%clk 00:00:07]  [%emt 00:00:03]}
95. g6 {[%clk 00:00:14]  [%emt 00:00:05]} 1-0

[Event "Campeonatos de Espana Universitarios 20"]
[Site "Universidad de Alicante, Spai"]
[Date "2019.04.11"]
[Round "9.1"]
[White "Gomez Dieguez, Adrian"]
[Black "Sanchez Saez, Francisco"]
[Result "1-0"]
[WhiteElo "2304"]
[BlackElo "2332"]
[PlyCount "94"]
[EventDate "2019.??.??"]

1. e4 {[%clk 00:40:07]} 1... c5 {[%clk 00:40:09]} 2. Nc3 {[%clk 00:40:07]} 2...
Nc6 {[%clk 00:40:12]} 3. Nge2 {[%clk 00:40:07]  [%emt 00:00:03]} 3... g6 {
[%clk 00:39:12]  [%emt 00:01:02]} 4. d4 {[%clk 00:40:08]  [%emt 00:00:07]} 4...
cxd4 {[%clk 00:39:15]  [%emt 00:00:03]} 5. Nxd4 {
[%clk 00:40:07]  [%emt 00:00:03]} 5... Bg7 {[%clk 00:39:18]} 6. Be3 {
[%clk 00:40:03]  [%emt 00:00:09]} 6... d6 {[%clk 00:39:02]  [%emt 00:00:19]} 7.
Bc4 {[%clk 00:40:04]  [%emt 00:00:08]} 7... Nf6 {
[%clk 00:38:58]  [%emt 00:00:10]} 8. f3 {[%clk 00:40:06]  [%emt 00:00:04]} 8...
O-O {[%clk 00:38:48]  [%emt 00:00:12]} 9. Bb3 {[%clk 00:40:08]  [%emt 00:00:08]
} 9... Bd7 {[%clk 00:38:16]  [%emt 00:00:30]} 10. h4 {
[%clk 00:40:09]  [%emt 00:00:29]} 10... h5 {[%clk 00:36:34]  [%emt 00:01:30]}
11. Qd2 {[%clk 00:39:26]  [%emt 00:00:42]} 11... Rc8 {
[%clk 00:36:37]  [%emt 00:00:03]} 12. O-O-O {[%clk 00:39:21]  [%emt 00:00:05]}
12... Ne5 {[%clk 00:36:40]  [%emt 00:00:14]} 13. Bg5 {
[%clk 00:39:18]  [%emt 00:00:09]} 13... Rc5 {[%clk 00:36:43]} 14. Kb1 {
[%clk 00:39:16]} 14... b5 {[%clk 00:36:38]  [%emt 00:00:08]} 15. g4 {
[%clk 00:39:12]  [%emt 00:00:11]} 15... hxg4 {[%clk 00:30:52]  [%emt 00:06:26]}
16. h5 {[%clk 00:38:59]  [%emt 00:00:03]} 16... Nxh5 {
[%clk 00:29:30]  [%emt 00:01:04]} 17. Nd5 {[%clk 00:38:33]  [%emt 00:00:32]}
17... Rxd5 {[%clk 00:29:00]  [%emt 00:00:39]} 18. Bxd5 {
[%clk 00:38:32]  [%emt 00:00:03]} 18... gxf3 {[%clk 00:26:45]  [%emt 00:02:17]}
19. Nf5 {[%clk 00:38:17]  [%emt 00:00:20]} 19... Bxf5 {
[%clk 00:23:50]  [%emt 00:03:00]} 20. exf5 {[%clk 00:38:16]  [%emt 00:00:10]}
20... Nf6 {[%clk 00:20:03]  [%emt 00:03:56]} 21. Bxf6 {
[%clk 00:36:06]  [%emt 00:02:12]} 21... exf6 {[%clk 00:19:40]  [%emt 00:00:23]}
22. fxg6 {[%clk 00:35:55]  [%emt 00:00:36]} 22... f5 {
[%clk 00:17:45]  [%emt 00:01:41]} 23. Rdg1 {[%clk 00:33:46]  [%emt 00:02:13]}
23... Qf6 {[%clk 00:16:01]  [%emt 00:01:49]} 24. Qg5 {
[%clk 00:33:42]  [%emt 00:00:24]} 24... Ng4 {[%clk 00:10:24]  [%emt 00:05:28]}
25. gxf7+ {[%clk 00:32:18]  [%emt 00:01:28]} 25... Rxf7 {
[%clk 00:10:22]  [%emt 00:00:14]} 26. Qxf6 {[%clk 00:32:18]} 26... Bxf6 {
[%clk 00:10:11]  [%emt 00:00:16]} 27. Rg3 {[%clk 00:25:01]  [%emt 00:07:22]}
27... f2 {[%clk 00:09:53]  [%emt 00:00:22]} 28. Rf1 {
[%clk 00:25:00]  [%emt 00:00:07]} 28... Bh4 {[%clk 00:07:11]  [%emt 00:03:11]}
29. Rh3 {[%clk 00:23:32]  [%emt 00:01:17]} 29... Bg5 {
[%clk 00:05:17]  [%emt 00:01:47]} 30. Rh5 {[%clk 00:21:54]  [%emt 00:01:44]}
30... Ne3 {[%clk 00:01:45]  [%emt 00:03:59]} 31. Bxf7+ {[%clk 00:21:45]} 31...
Kxf7 {[%clk 00:01:48]} 32. Rxg5 {[%clk 00:21:37]  [%emt 00:00:06]} 32... Kf6 {
[%clk 00:01:37]  [%emt 00:00:18]} 33. Rxf5+ {[%clk 00:21:37]  [%emt 00:00:05]}
33... Kxf5 {[%clk 00:01:41]  [%emt 00:00:15]} 34. Rxf2+ {
[%clk 00:21:34]  [%emt 00:00:07]} 34... Ke4 {[%clk 00:01:38]} 35. Rf7 {
[%clk 00:21:32]  [%emt 00:00:13]} 35... a5 {[%clk 00:01:38]  [%emt 00:00:04]}
36. Ra7 {[%clk 00:20:27]  [%emt 00:00:58]} 36... a4 {
[%clk 00:00:42]  [%emt 00:01:02]} 37. Rb7 {[%clk 00:20:16]  [%emt 00:00:16]}
37... Nd5 {[%clk 00:00:30]  [%emt 00:00:20]} 38. Rxb5 {
[%clk 00:20:12]  [%emt 00:00:07]} 38... a3 {[%clk 00:00:34]  [%emt 00:00:04]}
39. Rb8 {[%clk 00:19:15]  [%emt 00:00:58]} 39... axb2 {
[%clk 00:00:35]  [%emt 00:00:12]} 40. Kxb2 {[%clk 00:19:08]  [%emt 00:00:14]}
40... Kd4 {[%clk 00:00:37]} 41. a4 {[%clk 00:18:50]  [%emt 00:00:17]} 41... Ne3
{[%clk 00:00:38]  [%emt 00:00:05]} 42. Kb3 {[%clk 00:18:43]  [%emt 00:00:12]}
42... Kc5 {[%clk 00:00:29]  [%emt 00:00:14]} 43. a5 {
[%clk 00:18:32]  [%emt 00:00:13]} 43... Nf5 {[%clk 00:00:23]  [%emt 00:00:12]}
44. a6 {[%clk 00:17:51]  [%emt 00:00:46]} 44... Nd4+ {
[%clk 00:00:26]  [%emt 00:00:06]} 45. Ka4 {[%clk 00:17:47]  [%emt 00:00:07]}
45... Nc6 {[%clk 00:00:18]  [%emt 00:00:13]} 46. Rb5+ {
[%clk 00:17:45]  [%emt 00:00:06]} 46... Kc4 {[%clk 00:00:17]  [%emt 00:00:04]}
47. Rb7 {[%clk 00:17:47]  [%emt 00:00:29]} 47... Nb8 {[%emt 00:00:04]} 1-0

[Event "Campeonatos de Espana Universitarios 20"]
[Site "Universidad de Alicante, Spai"]
[Date "2019.04.11"]
[Round "9.2"]
[White "Suarez Gomez, Julio"]
[Black "Suarez Uriel, Adrian"]
[Result "0-1"]
[WhiteElo "2449"]
[BlackElo "2397"]
[PlyCount "102"]
[EventDate "2019.??.??"]

1. e4 {[%clk 00:40:05]  [%emt 00:00:05]} 1... c5 {
[%clk 00:40:09]  [%emt 00:00:31]} 2. Ne2 {[%clk 00:40:08]} 2... Nc6 {
[%clk 00:40:13]} 3. d4 {[%clk 00:40:07]  [%emt 00:00:04]} 3... cxd4 {
[%clk 00:40:17]} 4. Nxd4 {[%clk 00:40:10]} 4... g6 {[%clk 00:40:20]} 5. c4 {
[%clk 00:40:13]} 5... Bg7 {[%clk 00:40:24]} 6. Be3 {[%clk 00:40:14]} 6... Nf6 {
[%clk 00:40:26]} 7. Nc3 {[%clk 00:40:15]  [%emt 00:00:13]} 7... O-O {
[%clk 00:40:26]} 8. Be2 {[%clk 00:40:10]} 8... d6 {
[%clk 00:40:30]  [%emt 00:00:03]} 9. O-O {[%clk 00:39:50]  [%emt 00:00:20]}
9... Bd7 {[%clk 00:40:34]  [%emt 00:00:08]} 10. h3 {
[%clk 00:39:39]  [%emt 00:00:09]} 10... a6 {[%clk 00:40:38]  [%emt 00:00:05]}
11. Nf3 {[%clk 00:39:29]  [%emt 00:00:11]} 11... Rb8 {
[%clk 00:40:30]  [%emt 00:00:22]} 12. Nd2 {[%clk 00:36:02]  [%emt 00:03:29]}
12... Ne8 {[%clk 00:37:31]  [%emt 00:03:01]} 13. Nb3 {
[%clk 00:32:17]  [%emt 00:03:47]} 13... Bxc3 {[%clk 00:36:39]  [%emt 00:00:56]}
14. bxc3 {[%clk 00:32:21]  [%emt 00:00:14]} 14... Nf6 {[%clk 00:36:43]} 15. Qc2
{[%clk 00:30:55]  [%emt 00:01:22]} 15... Qc7 {[%clk 00:36:21]  [%emt 00:00:25]}
16. Nd2 {[%clk 00:20:52]  [%emt 00:10:08]} 16... Rfc8 {
[%clk 00:33:44]  [%emt 00:02:42]} 17. Rab1 {[%clk 00:20:32]  [%emt 00:00:37]}
17... b6 {[%clk 00:32:22]  [%emt 00:01:15]} 18. f4 {
[%clk 00:20:36]  [%emt 00:00:36]} 18... Na5 {[%clk 00:32:08]} 19. c5 {
[%clk 00:19:27]  [%emt 00:00:59]} 19... b5 {[%clk 00:29:31]  [%emt 00:02:42]}
20. cxd6 {[%clk 00:18:57]  [%emt 00:00:34]} 20... exd6 {
[%clk 00:29:35]  [%emt 00:00:16]} 21. Bd4 {[%clk 00:18:35]  [%emt 00:00:13]}
21... Ne8 {[%clk 00:29:39]  [%emt 00:00:11]} 22. Qd3 {
[%clk 00:15:49]  [%emt 00:02:41]} 22... Nc6 {[%clk 00:28:14]  [%emt 00:01:30]}
23. Be3 {[%clk 00:15:52]  [%emt 00:00:12]} 23... Ne7 {
[%clk 00:28:06]  [%emt 00:00:05]} 24. Rbc1 {[%clk 00:15:10]  [%emt 00:00:45]}
24... Qa5 {[%clk 00:26:34]  [%emt 00:01:36]} 25. Bd1 {
[%clk 00:12:58]  [%emt 00:02:18]} 25... Be6 {[%clk 00:25:51]  [%emt 00:00:48]}
26. Bb3 {[%clk 00:12:36]  [%emt 00:00:27]} 26... d5 {
[%clk 00:24:46]  [%emt 00:01:18]} 27. f5 {[%clk 00:12:38]} 27... dxe4 {
[%clk 00:23:26]  [%emt 00:01:19]} 28. fxe6 {[%clk 00:12:37]  [%emt 00:00:30]}
28... exd3 {[%clk 00:23:06]  [%emt 00:00:07]} 29. exf7+ {
[%clk 00:12:40]  [%emt 00:00:04]} 29... Kf8 {[%clk 00:23:10]} 30. Ne4 {
[%clk 00:12:05]  [%emt 00:00:35]} 30... Ng7 {[%clk 00:20:09]  [%emt 00:03:04]}
31. Nc5 {[%clk 00:10:28]  [%emt 00:01:41]} 31... Qc7 {
[%clk 00:19:06]  [%emt 00:01:09]} 32. Nxa6 {[%clk 00:10:11]  [%emt 00:00:22]}
32... Qd6 {[%clk 00:18:36]  [%emt 00:00:37]} 33. Nxb8 {
[%clk 00:10:11]  [%emt 00:00:06]} 33... Rxb8 {[%clk 00:18:39]} 34. Bf4 {
[%clk 00:09:05]  [%emt 00:01:08]} 34... Qc5+ {[%clk 00:18:41]  [%emt 00:00:36]}
35. Kh2 {[%clk 00:09:05]} 35... Rd8 {[%clk 00:18:43]} 36. g4 {
[%clk 00:08:52]  [%emt 00:00:04]} 36... Nd5 {[%clk 00:18:25]  [%emt 00:00:15]}
37. Bh6 {[%clk 00:08:49]  [%emt 00:00:11]} 37... Ne3 {
[%clk 00:17:58]  [%emt 00:00:27]} 38. Rf3 {[%clk 00:07:29]  [%emt 00:01:25]}
38... g5 {[%clk 00:17:22]  [%emt 00:00:41]} 39. Bxg7+ {
[%clk 00:06:59]  [%emt 00:00:35]} 39... Kxg7 {[%clk 00:17:25]  [%emt 00:00:10]}
40. Re1 {[%clk 00:07:03]} 40... Qd6+ {[%clk 00:15:29]  [%emt 00:01:54]} 41. Kg1
{[%clk 00:05:59]  [%emt 00:01:08]} 41... d2 {[%clk 00:15:32]  [%emt 00:00:13]}
42. Rexe3 {[%clk 00:05:43]  [%emt 00:00:11]} 42... d1=Q+ {
[%clk 00:15:19]  [%emt 00:00:46]} 43. Bxd1 {[%clk 00:05:46]} 43... Qxd1+ {
[%clk 00:15:23]} 44. Rf1 {[%clk 00:05:50]} 44... Qd6 {
[%clk 00:15:07]  [%emt 00:00:05]} 45. Ref3 {[%clk 00:05:24]  [%emt 00:00:32]}
45... Kf8 {[%clk 00:14:58]  [%emt 00:00:05]} 46. R1f2 {
[%clk 00:05:17]  [%emt 00:00:13]} 46... Rc8 {[%clk 00:14:42]  [%emt 00:00:21]}
47. Kg2 {[%clk 00:04:45]  [%emt 00:00:37]} 47... Rc4 {
[%clk 00:14:44]  [%emt 00:00:15]} 48. Rb2 {[%clk 00:03:45]  [%emt 00:00:52]}
48... Rf4 {[%clk 00:14:40]  [%emt 00:00:08]} 49. Rxf4 {
[%clk 00:03:07]  [%emt 00:00:44]} 49... gxf4 {[%clk 00:14:44]} 50. Kf3 {
[%clk 00:02:58]  [%emt 00:00:51]} 50... Qd1+ {[%clk 00:14:41]} 51. Kf2 {
[%clk 00:02:41]  [%emt 00:00:04]} 51... Qd3 {[%clk 00:14:43]  [%emt 00:00:04]}
0-1